Các nhân tố ảnh hưởng đến tính hữu hiệu của hệ thống kiểm soát nội bộ trong công tác thu thuế giá trị gia tăng tại các chi cục thuế trên địa bàn Thành Phố Hồ Chí Minh : Luận văn Thạc sĩ - Chuyên ngành : Kế toán

Đã lưu trong:
Bibliografiske detaljer
Hovedforfatter: Lê, Thị Minh Nguyệt
Format: Luận văn
Sprog:Undetermined
Udgivet: Đại học Công Nghiệp Tp. Hồ Chí Minh 2021
Fag:
Online adgang:https://opac.iuh.edu.vn/TraCuuTaiLieuSo2XemChiTiet.aspx?Id=113998
Tags: Tilføj Tag
Ingen Tags, Vær først til at tagge denne postø!
Thư viện lưu trữ: Trung tâm Thư viện - Trường Đại học Công nghiệp TP. Hồ Chí Minh
LEADER 00965nam a2200169Ia 4500
001 UIH_02127
008 230809s9999 xx 000 0 und d
082 |a 657.45 
100 |a Lê, Thị Minh Nguyệt 
245 0 |a Các nhân tố ảnh hưởng đến tính hữu hiệu của hệ thống kiểm soát nội bộ trong công tác thu thuế giá trị gia tăng tại các chi cục thuế trên địa bàn Thành Phố Hồ Chí Minh : Luận văn Thạc sĩ - Chuyên ngành : Kế toán 
245 0 |c Lê, Thị Minh Nguyệt 
260 |b Đại học Công Nghiệp Tp. Hồ Chí Minh 
260 |c 2021 
650 |a Kiểm soát nội bộ;Kế toán;Thuế giá trị gia tăng; 
856 |u https://opac.iuh.edu.vn/TraCuuTaiLieuSo2XemChiTiet.aspx?Id=113998 
927 |a Luận văn 
980 |a Trung tâm Thư viện - Trường Đại học Công nghiệp TP. Hồ Chí Minh